MARC

LEADER 00000nab a22000001a 4500
001 vtls008987253
003 SK-MaSNL
005 20260304174625.0
008 060423d1927 xo |r|p|||| |000 b|slo
015 |a SNBRRBVU1918-1938 
038 |a SNKBUCL 
040 |a SNKBUVU  |b slo  |c SNKBUCL  |e AACR2 
041 0 |a slo 
044 |a xo  |c SK 
080 |a 75.051:7.021.32  |2 1997 
100 1 |a Alexy, Janko,  |d 1894-1970  |4 aut  |9 103027 
245 1 0 |a Korytnica  |c Janko Alexy 
650 0 7 |a slovenské maliarstvo  |2 MM  |9 3124 
650 0 7 |a krajinomaľba  |2 snkbucl  |9 86830 
650 0 7 |a olejomaľba  |2 snkbucl  |9 30054 
651 7 |a Korytnica (Liptovská Osada, Slovensko)  |2 snkbucl  |9 238494 
655 7 |a reprodukcie výtvarných diel  |2 MM  |9 310790 
773 0 |t Vesna  |g Roč. 1, č. 3 (1927), s. 37 
852 |a SNK  |b KIS3GCP 
910 |a snkrbvumm 
958 |a VY 
999 |c 3009727  |d 3011657